| 000 | 00395 a2200169 4500 | ||
|---|---|---|---|
| 001 | 190257 | ||
| 020 | _a978-85-356-2962-0 | ||
| 040 | _cMagnum | ||
| 100 | _aJekel, Karissa | ||
| 240 | 1 | 0 |
_aEu admiro as maravilhas da criação _lpor |
| 245 | 1 | 0 | _aEu admiro as maravilhas da criação |
| 300 | _a31 | ||
| 362 | 0 | _a2012 | |
| 440 | 1 | _aPaulinas | |
| 697 | _aLITERATURA INFANTIL | ||
| 942 | _cBK | ||
| 999 |
_c190257 _d190257 |
||